Tratado de calefacción y ventilación / (Record no. 127536)
[ view plain ]
| 000 -LEADER | |
|---|---|
| campo de control de longitud fija | 00855nam a2200217 4500 |
| 001 - NÚMERO DE CONTROL | |
| campo de control | 127536 |
| 003 - IDENTIFICADOR DE NÚMERO DE CONTROL | |
| campo de control | ES-MaACL |
| 005 - FECHA Y HORA DE LA ÚLTIMA TRANSACCIÓN | |
| campo de control | 20230906193031.0 |
| 007 - CAMPO FIJO DE DESCRIPCIÓN FÍSICA--INFORMACIÓN GENERAL | |
| campo de control de longitud fija | t| |
| 008 - DATOS DE LONGITUD FIJA--INFORMACIÓN GENERAL | |
| campo de control de longitud fija | 070214s1945 sp r ||||1| spa d |
| 100 1# - ENTRADA PRINCIPAL--NOMBRE DE PERSONA | |
| Nombre de persona | Rietschel, Hermann. |
| 9 (RLIN) | 97170 |
| 245 10 - MENCIÓN DEL TÍTULO | |
| Título | Tratado de calefacción y ventilación / |
| Mención de responsabilidad, etc. | Hermann Rietschel ; 11ª ed. ampliada por el Prof. Dr. Ing. H. Gröber ; con un capítulo sobre condiciones climático-metorologícas y otro sobre condiciones higiénicas por el Dr. F. Brandtke ; traducción del aleman por José Mª Soler Carreras. |
| 250 ## - MENCION DE EDICION | |
| Mención de edición | 11ª. ed. |
| 260 ## - PUBLICACIÓN, DISTRIBUCIÓN, ETC. | |
| Lugar de publicación, distribución, etc. | Barcelona : |
| Nombre del editor, distribuidor, etc. | Labor, |
| Fecha de publicación, distribución, etc. | 1945. |
| 300 ## - DESCRIPCIÓN FÍSICA | |
| Extensión | XV, 336 p. : |
| Otras características físicas | il. ; |
| Dimensiones | 28 cm. |
| 700 1# - ENTRADA AGREGADA--NOMBRE PERSONAL | |
| Nombre de persona | Gröber, H. |
| 9 (RLIN) | 208142 |
| 700 1# - ENTRADA AGREGADA--NOMBRE PERSONAL | |
| Nombre de persona | Brandtke, F. |
| 9 (RLIN) | 31357 |
| 700 1# - ENTRADA AGREGADA--NOMBRE PERSONAL | |
| Nombre de persona | Soler Carreras, José Mª. |
| 9 (RLIN) | 107170 |
| 852 ## - LOCALIZACIÓN | |
| Ubicación | ES-MaACL |
| Número de control de estantería | B-10694 |
| Sublocalización o colección | R.21971 |
| Estatus retirado | Estado de pérdida | Estado de daño | No para préstamo | Biblioteca de origen | Biblioteca actual | Ubicación en estantería | Fecha de adquisición | Fuente de adquisición | Total de préstamos | Signatura topográfica completa | Código de barras | Visto por última vez | Precio de reemplazo | Tipo de ítem Koha |
|---|---|---|---|---|---|---|---|---|---|---|---|---|---|---|
| Biblioteca del Ateneo de Madrid | Biblioteca del Ateneo de Madrid | Sala Pardo Bazán | 17/01/2008 | B-10694 | 1132835 | 23/02/2023 | 23/02/2023 | Libro impreso |
